000 01204nam a22002777a 4500
001 BD-DhSAU 9278
003 BD-DhSAU
005 20230302104248.0
008 150613b2018 bg a|||| m||| 00| 0 eng d
040 _aBD-DhSAU
082 _222
_a636.5
_bC3619
100 _aCHANDRO, AKHEL
_eRegistration No. # 14-06012
245 _aEvaluating the levels of heavy metals in poultry feed and poultry products (egg and meat) in savar upozilla of bangladesh /
_bMS thesis
260 _aSher-e-Bangla Agricultural University :
_bDepartment of Poultry Science,
_c2021
300 _axii, 53p. :
_bill. ;
_c30 cm.
500 _aMS thesis of Department of Poultry Science, Faculty of Animal Science , Sher-e-Bangla Agricultural University, Dhaka, Bangladesh
504 _aIncludes bibliographical reference.
590 _aNazmul
650 _aheavy metals in poultry feed
650 _apoultry products (egg and meat)
651 _asavar upozilla of bangladesh
700 _aAssist. Prof. Dr. Maksuda Begum
_eSuperviser
700 _aAssist. Prof. Dr. Amina Khatun
_eCo-superviser
856 _uhttp://archive.saulibrary.edu.bd:8080/xmlui/handle/123456789/4797
942 _2ddc
_cTHESIS
999 _c16675
_d16674